| 000 | 00572nam a2200217Ia 4500 | ||
|---|---|---|---|
| 008 | 170203s9999 xx 000 0 und d | ||
| 020 | _a1588650499 | ||
| 050 | _a0 30 | ||
| 050 | _bR434t 2002 | ||
| 100 | _aResnick, Jane Parker. | ||
| 245 | 4 | _aThe big book of questions and answers / | |
| 245 | _cJane Parker Resnick. | ||
| 260 | _aNew York : | ||
| 260 | _bKidsbooks, | ||
| 260 | _c2002 | ||
| 300 | _a285 pages : | ||
| 300 | _bcolor illustrations ; | ||
| 300 | _c28 cm. | ||
| 650 | _aChildren's questions and answers. | ||
| 650 | _aQuestions and answers. | ||
| 999 |
_c305754 _d305754 |
||